[Event "Hoogeveen op 25th"]
[Site "Hoogeveen"]
[Date "2022.10.15"]
[Round "1"]
[White "Munkhbat, Munkh Orgil"]
[Black "Hari, Charan Sai Kalluri"]
[Result "0-1"]
[WhiteElo "1317"]
[BlackElo "1981"]
[PlyCount "44"]
[EventDate "2022.10.15"]
[EventType "swiss"]
[EventRounds "9"]
[EventCountry "NED"]
[SourceTitle "CBM 210 Extra"]
[Source "ChessBase"]
[SourceDate "2022.11.30"]
[SourceVersion "1"]
[SourceVersionDate "2022.11.30"]
[SourceQuality "1"]

1. d4 d5 2. f4 e6 3. e3 c5 4. c3 Nc6 5. Nf3 Bd6 6. Bd3 Bd7 7. 0-0 Qc7 8. Ne5 g6 9. Qe1 f6 10. Nxc6 Bxc6 11. Qh4 Qg7 12. Na3 a6 13. Nc2 0-0-0 14. dxc5 Bxc5 15. b4 Bd6 16. Nd4 Bd7 17. c4 e5 18. Nb3 g5 19. Qe1 dxc4 20. Bxc4 gxf4 21. Qc3 Bc6 22. Bxa6 Qxg2# 0-1